[Event "Porto Alegre op"]
[Site "Porto Alegre"]
[Date "2023.08.26"]
[Round "2"]
[White "Becker, Werner Cantalicio J"]
[Black "Strapazon, Alice Kubiczewski"]
[Result "0-1"]
[WhiteElo "1519"]
[BlackElo "1781"]
[PlyCount "94"]
[EventDate "2023.08.25"]
[EventType "swiss"]
[EventRounds "5"]
[EventCountry "BRA"]
[SourceTitle "CBM 216 Extra"]
[Source "ChessBase"]
[SourceDate "2023.11.30"]
[SourceVersion "1"]
[SourceVersionDate "2023.11.30"]
[SourceQuality "1"]

1. e4 c5 2. Nf3 d6 3. Bb5+ Nd7 4. a3 Qc7 5. Nc3 Ngf6 6. d3 e5 7. Bg5 Be7 8. Qd2 0-0 9. h4 h6 10. Be3 a6 11. Ba4 b5 12. Bb3 c4 13. Ba2 Bb7 14. Rg1 d5 15. exd5 Bxd5 16. Nxd5 Nxd5 17. g4 Nxe3 18. Qxe3 c3 19. b4 a5 20. bxa5 Rxa5 21. g5 hxg5 22. hxg5 g6 23. d4 Bxa3 24. Nxe5 Nxe5 25. dxe5 Bb2 26. Bxf7+ Rxf7 27. Rxa5 Qxa5 28. Ke2 Qa4 29. Qd3 b4 30. e6 Re7 31. Qxg6+ Rg7 32. Qd3 Qe8 33. Qc4 Re7 34. Rh1 Rxe6+ 35. Kf1 Qc6 36. Qh4 Qb5+ 37. Kg2 Qd5+ 38. f3 Re2+ 39. Kg3 Qe5+ 40. f4 Qe3+ 41. Kg4 Rg2+ 42. Kf5 Qc5+ 43. Kg6 Qd6+ 44. Kf5 Qd5+ 45. Kg6 Qe6+ 46. Kh5 Qf7+ 47. g6 Qxg6# 0-1

[Event "Porto Alegre op"]
[Site "Porto Alegre"]
[Date "2023.05.07"]
[Round "5"]
[White "Strapazon, Alice Kubiczewski"]
[Black "Pereira, Armando Scharlau"]
[Result "0-1"]
[WhiteElo "1800"]
[BlackElo "1574"]
[PlyCount "92"]
[EventDate "2023.05.05"]
[EventType "swiss"]
[EventRounds "7"]
[EventCountry "BRA"]
[SourceTitle "CBM 214 Extra"]
[Source "ChessBase"]
[SourceDate "2023.07.31"]
[SourceVersion "1"]
[SourceVersionDate "2023.07.31"]
[SourceQuality "1"]

1. d4 Nf6 2. Nc3 d5 3. e3 b6 4. Nf3 Ba6 5. Bxa6 Nxa6 6. 0-0 e6 7. Re1 Be7 8. Bd2 0-0 9. Qe2 Nb4 10. Rac1 c5 11. a3 Nc6 12. e4 cxd4 13. e5 dxc3 14. exf6 cxd2 15. fxg7 dxe1Q+ 16. Qxe1 Re8 17. Qc3 Rc8 18. b4 Nxb4 19. Qd4 Rc4 20. Qd2 Rxc2 21. Rxc2 Nxc2 22. Qxc2 Qc8 23. Qb2 Bf6 24. Qb4 Qc5 25. Qe1 Qc3 26. Qe2 Qc1+ 27. Ne1 Bc3 28. Kf1 Qxe1+ 29. Qxe1 Bxe1 30. Kxe1 Kxg7 31. g3 Rc8 32. Kd2 b5 33. h4 a5 34. g4 b4 35. axb4 axb4 36. g5 b3 37. h5 Rc2+ 38. Kd1 Rxf2 39. Kc1 b2+ 40. Kb1 d4 41. h6+ Kg6 42. Ka2 d3 43. Kb1 Rc2 44. Ka2 d2 45. Kb3 b1Q+ 46. Ka4 Ra2# 0-1